| 000 | 00899nas a2200277 4500 | ||
|---|---|---|---|
| 001 | BR0501988 | ||
| 003 | BR-BrBNA | ||
| 005 | 20231205105401.0 | ||
| 007 | ta | ||
| 008 | 230509b bl.|||p| |||| 00| 00por d | ||
| 040 |
_aBR-BrBNA _bpor _cBiblioteca Nacional de Agricultura |
||
| 041 | _a(Pt) | ||
| 072 | _aA50; E14 | ||
| 100 | 1 | _aVieira, O.V. | |
| 100 | 1 | _aOliveira, M.F. de | |
| 100 | 1 | _aDomit, L.A. | |
| 245 | 1 | _aTreino e visita: experiência da EMBRAPA Soja e da iniciativa privada na transferência de tecnologa | |
| 650 | _aGIRASSOL | ||
| 650 | _aTRANSFERÊNCIA DE TECNOLOGIA | ||
| 650 | _aDIFUSÃO DE TECNOLOGIA | ||
| 650 | _aMÉTODO DE PESQUISA | ||
| 650 | _aADOÇÃO DE INOVAÇÕES | ||
| 773 | 0 |
_tCadernos de Ciências e Tecnologia (Brazil) _xISSN 0104-1096 _g(May-Aug 2004), v. 21(2) p. 265-278 _wBR0501988 |
|
| 909 |
_a202311 _bLúcia _c55 _dLúcia Elande |
||
| 942 |
_2AGRIS _n0 _cANA |
||
| 999 |
_c182679 _d182679 |
||